| 000 | 00634nam a2200205Ia 4500 | ||
|---|---|---|---|
| 008 | 131103s9999 xx 000 0 und d | ||
| 040 | _aLoreto College | ||
| 041 | _aEnglish | ||
| 082 |
_a891.7/TUR _bLCLIB/12975 |
||
| 100 | _aTurgenev,Iran | ||
| 245 |
_aThree famous plays _cIvan Turgenev;translated from Russian by Constance Garnett;with an introduction by David Garnett |
||
| 260 |
_aLondon _bGerald Duckworth _c1951 |
||
| 300 |
_axii,235 p. _c 19 cm. |
||
| 630 | _aA Poor Gentleman | ||
| 650 | _aA Month In The Country | ||
| 651 | _aA Provincial Lady | ||
| 700 | _aGarnett,Constance,tr. | ||
| 850 | _aLCLIB | ||
| 942 | _cBK | ||
| 999 |
_c13599 _d64078 |
||